Catálogo
 En Linea

Nuevos acercamientos a la obra de Rima de Vallbona (actas del Simposio-homenaje) / (Registro nro. 9400)

Detalles MARC
000 -CABECERA
campo de control de longitud fija 01228cam a2200289 a 4500
001 - NÚMERO DE CONTROL
campo de control 000009640
005 - FECHA Y HORA DE LA ÚLTIMA TRANSACCIÓN
campo de control 20200929161643.0
008 - DATOS DE LONGITUD FIJA--INFORMACIÓN GENERAL
campo de control de longitud fija 010702s2000 cr 000 0 spa d
020 ## - NÚMERO INTERNACIONAL ESTÁNDAR DEL LIBRO
Número Internacional Estándar del Libro 997767616X
035 ## - NÚMERO DE CONTROL DEL SISTEMA
Número de control de sistema (CStRLIN)NYCGATR1755-B
035 ## - NÚMERO DE CONTROL DEL SISTEMA
Número de control de sistema (OCoLC)ocm47227968
040 ## - FUENTE DE LA CATALOGACIÓN
Centro catalogador/agencia de origen DO-SdBNP
Centro/agencia transcriptor CSU
Centro/agencia modificador BNPHU
082 ## - NÚMERO DE LA CLASIFICACIÓN DECIMAL DEWEY
Número de clasificación Ca863.42
Número de documento/Ítem R575n
049 ## - FONDOS LOCALES (OCLC)
Fondos de biblioteca BNGR
245 00 - MENCIÓN DE TÍTULO
Título Nuevos acercamientos a la obra de Rima de Vallbona (actas del Simposio-homenaje) /
Mención de responsabilidad, etc. editor Jorge Chen Sham.
260 ## - PUBLICACIÓN, DISTRIBUCIÓN, ETC.
Lugar de publicación, distribución, etc. San José, (Costa Rica) :
Nombre del editor, distribuidor, etc. Universidad de Costa Rica,
Fecha de publicación, distribución, etc. 2000.
300 ## - DESCRIPCIÓN FÍSICA
Extensión 200 p. ;
Dimensiones 21 cm.
504 ## - NOTA DE BIBLIOGRAFÍA, ETC.
Nota de bibliografía, etc. Incluye referencias bibliográficas.
600 10 - PUNTO DE ACCESO ADICIONAL DE MATERIA--NOMBRE DE PERSONA
Nombre de persona VALLBONA, RIMA DE,
Fechas asociadas al nombre 1931-
Subdivisión general CRÍTICA E INTERPRETACIÓN
9 (RLIN) 24508
600 10 - PUNTO DE ACCESO ADICIONAL DE MATERIA--NOMBRE DE PERSONA
Nombre de persona VALLBONA, RIMA DE,
Fechas asociadas al nombre 1931-
Subdivisión general HISTORIA Y CRÍTICA
-- CONGRESOS, CONFERENCIAS, ETC.
9 (RLIN) 24509
650 #4 - PUNTO DE ACCESO ADICIONAL DE MATERIA--TÉRMINO DE MATERIA
Término de materia o nombre geográfico como elemento de entrada Autores costarricense
Subdivisión general Crítica e interpretación
9 (RLIN) 24510
650 #4 - PUNTO DE ACCESO ADICIONAL DE MATERIA--TÉRMINO DE MATERIA
Término de materia o nombre geográfico como elemento de entrada Autores costarricense
Subdivisión general Congresos, conferencias, etc.
9 (RLIN) 24511
650 #4 - PUNTO DE ACCESO ADICIONAL DE MATERIA--TÉRMINO DE MATERIA
Término de materia o nombre geográfico como elemento de entrada Cuentros costarricenses
Subdivisión general Crítica e interpretación
9 (RLIN) 24512
650 #4 - PUNTO DE ACCESO ADICIONAL DE MATERIA--TÉRMINO DE MATERIA
Término de materia o nombre geográfico como elemento de entrada Literatura costarricense
Subdivisión general Historia y crítica
-- Congresos, conferencias, etc.
9 (RLIN) 24513
700 1# - PUNTO DE ACCESO ADICIONAL--NOMBRE DE PERSONA
Nombre de persona Chen Sham, Jorge,
Término indicativo de función/relación ed.
9 (RLIN) 24514
910 ## - DATOS DE OPCIÓN DEL USUARIO (OCLC)
Datos de opción del usuario Catalogación por copia / LC
Existencias
Estado de retiro Estado de pérdida Restricciones de uso No para préstamo Código de colección Localización permanente Ubicación/localización actual Ubicación en estantería Fecha de adquisición Número de inventario Total de préstamos Signatura topográfica completa Código de barras Fecha visto por última vez Precio válido a partir de Tipo de ítem Koha
    Préstamo interno   Monografías: Libros y Folletos General General En catalogación 30.09.2009 LF1   Ca863.42 R575n 9640-10 25.06.2020 25.06.2020 Préstamo interno

Con tecnología Koha